000 00411nab a2200145Ia 4500
003 ES-SlBCS
005 20210601124259.0
008 140529s1956 xxu||||| |||| 00| 0 eng d
041 _aeng
100 1 _aNewman, Andrew
_9138998
245 0 2 _aA Blackfriar in Northern Blue
_c Andrew Newman
600 1 4 _aEgan, Padre
_9139025
773 0 _tDominicana
_gvol. 41, nº. 2, 1956, págs. 130-135
_wRev1398
942 _cAR
999 _c512236
_d512236